00461nmm a2200157Ia 4500008004100000020001800041041000800059100002200067245003100089264008000120300001600200650001200216856005100228942000700279999001700286251105s9999||||xx |||||||||||||||||und|| a9788468756844 aspa aDouglas, Michelle 0aCaléndulas para una boda a[Madrid, España] :bHarlequin, c[Fecha de publicación no identificada] a0 páginas aRomance uhttps://public.digitaliapublishing.com/a/93838 cCF c84222d84222